Ríos de América - muerte súbita - Estadísticas

Estadísticas generales
  • Esta prueba ha sido intentada 478 veces
  • La puntuación promedio es 8 de 16
Answers on the Grid
Answers color-coded by a green-red scale on the quiz's grid according to % correct below.
Hudson
Amazonas
Bravo
Yukón
Rojo
Negro
San Lorenzo
Quindío
San Francisco
Paraná
Grijalva
Orinoco
Essequibo
Usumacinta
Biobío
Mackenzie
Limpopo
Murray
Ganges
Darling
Don
Tajo
Okavango
Ródano
 
Estadísticas de respuestas
Respuesta % Correcto
Amazonas
89%
Paraná
77%
Orinoco
74%
Hudson
73%
Bravo
64%
San Lorenzo
60%
Mackenzie
56%
San Francisco
56%
Yukón
48%
Quindío
41%
Negro
40%
Essequibo
36%
Biobío
35%
Rojo
33%
Usumacinta
25%
Grijalva
15%
No se encontraron pruebas coincidentes
Distribución de puntuación
Porcentaje de gente con cada puntuación
Porcentaje por número respondido
Historial de tus puntuaciones
No has intentado esta prueba.